Teteliště zmrdů /

Hlavní autor: Kozelka, Milan, 1948-2014
Jazyk: Čeština
Vydáno: Krucemburk : JT's, 2012
Vydání: Vyd. 1.
Témata:
Fyzický popis: 48 s. ; 22 cm
Knihy
Uloženo v:
LEADER 01073nam a2200349 a 4500
001 nkc20122412573
003 CZ PrNK
005 20130115121206.0
007 ta
008 121023s2012 xr e 000 f cze
015 |a cnb002412573 
020 |a 978-80-905022-5-3  |q (brož.) :  |c Kč 137,00 
035 |a (OCoLC)820694975 
040 |a ABA001  |b cze 
072 7 |a 821.162.3-3  |x Česká próza  |2 Konspekt  |9 25 
080 |a 821.162.3-3  |2 MRF 
080 |a (0:82-323.1)  |2 MRF 
100 1 |a Kozelka, Milan,  |d 1948-2014  |7 jn20000401455  |4 aut 
245 1 0 |a Teteliště zmrdů /  |c Milan Kozelka 
250 |a Vyd. 1. 
260 |a Krucemburk :  |b JT's,  |c 2012 
300 |a 48 s. ;  |c 22 cm 
500 |a 600 výt. 
655 7 |a české prózy  |7 fd133972  |2 czenas 
655 7 |a satirické prózy  |7 fd133327  |2 czenas 
655 9 |a Czech prose  |2 eczenas 
655 9 |a satirical prose  |2 eczenas 
910 2 |a BOA001  |b 2-1297.207 
990 |a BK 
995 |a 01 
991 |b 201301  |e b 
996 6 |b 2610531687  |c 2-1297.207  |l MZK  |r Sklad / do 1 hodiny  |n 2  |p p.v.  |w 001306875  |u 000010  |a 1  |e BOA001  |j MZK50  |s P